助字(ケ/ヶ・の/ノ/之)を含む市区町村 - Statistics

General Stats
  • This quiz has been taken 187 times
    186 since last reset
  • The average score is 20 of 29
Answer Stats
カテゴリ 都道府県 Answer % Correct
静岡県 伊豆の国市
87%
東京都 (島嶼部) 青ヶ島村
86%
和歌山県 紀の川市
86%
島根県 隠岐郡 隠岐の島町
86%
神奈川県 茅ヶ崎市
85%
東京都 西多摩郡 日の出町
83%
静岡県 牧之原市
80%
青森県 上北郡 六ヶ所村
79%
茨城県 龍ケ崎市
76%
埼玉県 鶴ヶ島市
75%
千葉県 鎌ケ谷市
74%
群馬県 吾妻郡 中之条町
72%
長野県 駒ヶ根市
71%
佐賀県 神埼郡 吉野ヶ里町
71%
鹿児島県 西之表市
71%
青森県 西津軽郡 鰺ヶ沢町
70%
宮城県 宮城郡 七ヶ浜町
69%
宮城県 刈田郡 七ヶ宿町
68%
千葉県 袖ケ浦市
68%
青森県 東津軽郡 外ヶ浜町
66%
北海道 檜山郡 上ノ国町
62%
島根県 隠岐郡 西ノ島町
61%
岐阜県 安八郡 輪之内町
60%
鹿児島県 大島郡 徳之島町
56%
岐阜県 不破郡 関ケ原町
53%
宮崎県 西臼杵郡 日之影町
53%
岩手県 胆沢郡 金ケ崎町
52%
長野県 下高井郡 山ノ内町
52%
宮崎県 西臼杵郡 五ヶ瀬町
48%
No matching quizzes found
Score Distribution
Percent of People with Each Score
Percentile by Number Answered
Your Score History
You have not taken this quiz since the last reset